000
00248nam a2200097Ia 4500
005
20251222114416.0
008
251222s1900||||xx |||||||||||||| ||spa||
082
_a
DVD0070/C91/2006
245
0
_a
Una Historia Violenta:A History of Violence
942
_c
DVD
999
_c
2216
_d
2216